[Event "4NCL/Div4/CAMB2 vs. NOTT2"]
[Site "West Bromwich ENG"]
[Date "2006.03.19"]
[Round "8.2"]
[White "Harrison, John"]
[Black "Cooley, Oliver"]
[Result "0-1"]
[WhiteElo "2015"]
[BlackElo "2085"]
[PlyCount "80"]
[EventDate "2006.03.19"]
[EventType "team"]
[EventRounds "11"]
[EventCountry "ENG"]
[SourceDate "2005.10.25"]

1. d4 Nf6 2. c4 g6 3. Nc3 Bg7 4. e4 d6 5. f3 O-O 6. Be3 e5 7. d5 Nh5 8. Qd2 f5
9. O-O-O a5 10. c5 Na6 11. Bxa6 Rxa6 12. Kb1 Rf7 13. cxd6 Qxd6 14. Nb5 Qd7 15.
Qd3 Nf4 16. Bxf4 exf4 17. Ne2 Rb6 18. Ned4 c5 19. dxc6 bxc6 20. Nc3 Ba6 21. Qd2
c5 22. Nde2 Qb7 23. Ka1 a4 24. Nxa4 Rb4 25. Nec3 Bc4 26. e5 Bxe5 27. Rhe1 Bd4
28. Re8+ Kg7 29. Qxf4 Bf6 30. Qd6 Rxb2 31. Qxf6+ Kxf6 32. Nxb2 Qb4 33. Nd5+
Bxd5 34. Rxd5 Rb7 35. Re2 c4 36. Rd4 Qa3 37. Rxc4 Ra7 38. Nd1 Qd3 39. Rc6+ Kg5
40. Nc3 Ra3 0-1

[Event "4NCL/Div4/CAMB2 vs. NOTT2"]
[Site "West Bromwich ENG"]
[Date "2006.03.19"]
[Round "8.3"]
[White "Campbell, Mark"]
[Black "Thompson, Brian"]
[Result "1/2-1/2"]
[WhiteElo "2005"]
[BlackElo "2030"]
[PlyCount "62"]
[EventDate "2006.03.19"]
[EventType "team"]
[EventRounds "11"]
[EventCountry "ENG"]
[SourceDate "2005.10.25"]

1. e4 d6 2. d4 g6 3. Nc3 Bg7 4. Nf3 Nf6 5. Be2 O-O 6. O-O Bg4 7. h3 Bxf3 8.
Bxf3 c6 9. Be3 Nbd7 10. Qd2 Qa5 11. Rfd1 Rfe8 12. a3 a6 13. g3 Rac8 14. b4 Qc7
15. Rac1 b5 16. a4 Nb6 17. axb5 Nc4 18. Qd3 Nb2 19. Qd2 Nxd1 20. Qxd1 cxb5 21.
Ne2 Qd7 22. Kh2 Rc4 23. c3 e5 24. Qd3 exd4 25. Bxd4 Qc8 26. Ra1 Rd8 27. Nf4 Kh8
28. Ra3 Ne8 29. Bxg7+ Kxg7 30. Nd5 Qb7 31. Ne3 Rcc8 1/2-1/2

[Event "4NCL/Div4/CAMB2 vs. NOTT2"]
[Site "West Bromwich ENG"]
[Date "2006.03.19"]
[Round "8.4"]
[White "Graham, Neil"]
[Black "Gallagher, Ian G"]
[Result "1/2-1/2"]
[WhiteElo "1930"]
[BlackElo "2010"]
[PlyCount "46"]
[EventDate "2006.03.19"]
[EventType "team"]
[EventRounds "11"]
[EventCountry "ENG"]
[SourceDate "2005.10.25"]

1. d4 Nf6 2. f3 d5 3. e4 dxe4 4. Nc3 exf3 5. Nxf3 c6 6. Bc4 Bf5 7. O-O e6 8.
Bg5 Be7 9. Kh1 Nbd7 10. Qe2 O-O 11. Rae1 Nb6 12. Bb3 Nbd5 13. Ne5 Bg6 14. Nxg6
hxg6 15. Nxd5 Nxd5 16. Bxe7 Qxe7 17. c4 Nc7 18. d5 Qc5 19. dxc6 bxc6 20. Qg4
Rad8 21. Qf4 Qe7 22. Qe4 c5 23. Rd1 Rxd1 1/2-1/2

[Event "4NCL/Div4/CAMB2 vs. NOTT2"]
[Site "West Bromwich ENG"]
[Date "2006.03.19"]
[Round "8.5"]
[White "Webster, Peter"]
[Black "Wright, Antony J"]
[Result "1-0"]
[WhiteElo "1995"]
[BlackElo "1920"]
[PlyCount "121"]
[EventDate "2006.03.19"]
[EventType "team"]
[EventRounds "11"]
[EventCountry "ENG"]
[SourceDate "2005.10.25"]

1. e4 e6 2. d4 d5 3. Nd2 Nf6 4. e5 Nfd7 5. c3 c5 6. f4 Nc6 7. Ndf3 cxd4 8. cxd4
Nb6 9. Bd3 Bd7 10. Ne2 Rc8 11. O-O Nb4 12. Bb1 Bb5 13. a3 Na6 14. f5 Rxc1 15.
Nxc1 Bxf1 16. Qxf1 Nc7 17. Ne2 Be7 18. Nf4 O-O 19. Qd3 exf5 20. Qxf5 g6 21. Qg4
Qd7 22. Qxd7 Nxd7 23. Ba2 Nb6 24. Rc1 Bd8 25. Nd3 Ne6 26. Nc5 Ng5 27. Nxb7
Nxf3+ 28. gxf3 Bg5 29. Rc3 Nc4 30. Bxc4 dxc4 31. Rxc4 Rb8 32. Rb4 Bd2 33. Rb3
Bc1 34. Kf1 Kf8 35. Ke2 Ke7 36. Kd3 Bf4 37. h3 f6 38. exf6+ Kxf6 39. Ke4 Bc1
40. d5 Re8+ 41. Kd4 Re2 42. Kc5 Rxb2 43. Rxb2 Bxb2 44. a4 Ba3+ 45. Kc6 Ke5 46.
a5 g5 47. a6 Be7 48. d6 Bf6 49. d7 Kf4 50. d8=Q Bxd8 51. Nxd8 Kxf3 52. Nf7 g4
53. Ne5+ Kg3 54. hxg4 Kf4 55. Kb7 Kxe5 56. Kxa7 Kf4 57. Kb6 Kxg4 58. a7 h5 59.
a8=Q Kg3 60. Qg8+ Kh3 61. Qg5 1-0

[Event "4NCL/Div4/CAMB2 vs. NOTT2"]
[Site "West Bromwich ENG"]
[Date "2006.03.19"]
[Round "8.6"]
[White "Lakhani, Anjali"]
[Black "Kapadia, Sujit"]
[Result "1/2-1/2"]
[WhiteElo "1755"]
[BlackElo "1875"]
[PlyCount "126"]
[EventDate "2006.03.19"]
[EventType "team"]
[EventRounds "11"]
[EventCountry "ENG"]
[SourceDate "2005.10.25"]

1. e4 c5 2. Nf3 e6 3. d4 cxd4 4. Nxd4 Bc5 5. Nb3 Bb6 6. Bc4 Nc6 7. Nc3 Nge7 8.
Bf4 O-O 9. Qd2 f5 10. Bd6 a6 11. O-O-O Bc7 12. exf5 Bxd6 13. Qxd6 Nxf5 14. Qd2
d5 15. Be2 b6 16. Bf3 Ne5 17. Nd4 Nxd4 18. Qxd4 Nxf3 19. gxf3 Rxf3 20. Rhg1 Ra7
21. Na4 Rb7 22. Rd3 Rxd3 23. Qxd3 Rf7 24. Qg3 b5 25. Nc5 Qc7 26. Nd3 Qxg3 27.
hxg3 Rf5 28. Re1 Kf8 29. Kd2 Ke7 30. Re5 Rxe5 31. Nxe5 Kd6 32. Nf7+ Kc5 33. Kd3
b4 34. f4 a5 35. Ke3 h6 36. Nd8 Bd7 37. Nb7+ Kb6 38. Nd8 Kc5 39. Nb7+ Kb6 40.
Nd8 Kc7 41. Nf7 a4 42. Kd4 Be8 43. Ne5 Kb6 44. g4 h5 45. gxh5 Bxh5 46. a3 bxa3
47. bxa3 Bd1 48. c4 dxc4 49. Nxc4+ Kc6 50. Ne5+ Kd6 51. Ng6 Bc2 52. Ne5 Ke7 53.
Ng4 Bf5 54. Ne5 Bc2 55. Ng4 Kf7 56. Ke5 Bb3 57. Nf2 Kg6 58. Nd3 Kh5 59. Nc5 Kg4
60. Ke4 Kg3 61. Ke3 Kg4 62. Ke4 g6 63. Nd7 Bc2+ 1/2-1/2

[Event "4NCL/Div4/OXF3 vs. HAL"]
[Site "West Bromwich ENG"]
[Date "2006.03.19"]
[Round "8.1"]
[White "Terry, Sean"]
[Black "Pugh, Glyn"]
[Result "1-0"]
[WhiteElo "2000"]
[BlackElo "2080"]
[PlyCount "83"]
[EventDate "2006.03.19"]
[EventType "team"]
[EventRounds "11"]
[EventCountry "ENG"]
[SourceDate "2005.10.25"]

1. e4 e5 2. f4 exf4 3. Nf3 g5 4. Bc4 g4 5. Ne5 Qh4+ 6. Kf1 Nh6 7. d4 d6 8. Nd3
f3 9. Qe1 fxg2+ 10. Kxg2 Qxe1 11. Rxe1 c6 12. Nf4 Ng8 13. Nh5 b5 14. Bd3 Nd7
15. Bf4 Bb7 16. Kg3 Ngf6 17. Nxf6+ Nxf6 18. e5 Nh5+ 19. Kxg4 Nxf4 20. Kxf4
O-O-O 21. Nc3 dxe5+ 22. dxe5 Bh6+ 23. Kf3 Bd2 24. Re2 Bxc3 25. bxc3 c5+ 26. Kf4
c4 27. Bf5+ Kc7 28. a4 a6 29. axb5 axb5 30. Rg1 Bd5 31. Rg7 Rde8 32. Rxh7 Rxh7
33. Bxh7 Be6 34. Bf5 Rh8 35. Bxe6 fxe6 36. Rd2 Rh3 37. Kg4 Rxc3 38. h4 Re3 39.
h5 c3 40. Rh2 Rxe5 41. h6 Rd5 42. h7 1-0

[Event "4NCL/Div4/OXF3 vs. HAL"]
[Site "West Bromwich ENG"]
[Date "2006.03.19"]
[Round "8.3"]
[White "Bull, Philip"]
[Black "Ambrose, Andy"]
[Result "1-0"]
[WhiteElo "1865"]
[BlackElo "1920"]
[PlyCount "47"]
[EventDate "2006.03.19"]
[EventType "team"]
[EventRounds "11"]
[EventCountry "ENG"]
[SourceDate "2005.10.25"]

1. d4 Nf6 2. e3 g6 3. Bd3 Bg7 4. f4 d5 5. Nf3 c5 6. c3 Bg4 7. Nbd2 cxd4 8. exd4
Nc6 9. O-O Qc7 10. Qb3 O-O 11. Ne5 Rad8 12. Ndf3 Bxf3 13. Rxf3 e6 14. Qc2 Nd7
15. Be3 Ndxe5 16. fxe5 f6 17. exf6 Rxf6 18. Rh3 Rdf8 19. Bg5 R6f7 20. Bxg6 hxg6
21. Qxg6 Rf6 22. Qh7+ Kf7 23. Bxf6 Kxf6 24. Rf1+ 1-0

[Event "4NCL/Div4/OXF3 vs. HAL"]
[Site "West Bromwich ENG"]
[Date "2006.03.19"]
[Round "8.4"]
[White "Peck, Windsor W"]
[Black "Zhang, Marco"]
[Result "0-1"]
[WhiteElo "1910"]
[BlackElo "1915"]
[PlyCount "64"]
[EventDate "2006.03.19"]
[EventType "team"]
[EventRounds "11"]
[EventCountry "ENG"]
[SourceDate "2005.10.25"]

1. d4 Nf6 2. Nf3 e6 3. e3 b6 4. Bd3 Bb7 5. Nbd2 d5 6. O-O Bd6 7. Re1 Nbd7 8. e4
dxe4 9. Nxe4 Nxe4 10. Bxe4 Bxe4 11. Rxe4 Nf6 12. Bg5 h6 13. Bxf6 Qxf6 14. d5
O-O-O 15. Qf1 Kb7 16. Ra4 a5 17. Qb5 exd5 18. Nd4 Bc5 19. Rd1 Rhe8 20. c3 Ra8
21. Qd3 c6 22. b4 axb4 23. Rxa8 Rxa8 24. Qh3 Kc7 25. Qg3+ Bd6 26. Qd3 Rxa2 27.
Nb5+ cxb5 28. Qxd5 Qe6 29. Qxb5 bxc3 30. Qd3 c2 31. Qc3+ Kb7 32. Re1 Qd5 0-1

[Event "4NCL/Div4/OXF3 vs. HAL"]
[Site "West Bromwich ENG"]
[Date "2006.03.19"]
[Round "8.5"]
[White "Hadi, Justin"]
[Black "Digger, Derek C"]
[Result "1/2-1/2"]
[WhiteElo "1895"]
[BlackElo "1740"]
[PlyCount "67"]
[EventDate "2006.03.19"]
[EventType "team"]
[EventRounds "11"]
[EventCountry "ENG"]
[SourceDate "2005.10.25"]

1. d4 Nf6 2. Bg5 Ne4 3. Bf4 Nf6 4. e3 d6 5. Bd3 Nc6 6. Nf3 g6 7. c4 e6 8. Nc3
Bg7 9. e4 O-O 10. O-O b6 11. Qe2 Re8 12. e5 dxe5 13. dxe5 Nh5 14. Bg5 f6 15.
exf6 Bxf6 16. Bxf6 Nxf6 17. Rad1 Qe7 18. Rfe1 a6 19. Ng5 Nd4 20. Qe5 c5 21.
Nce4 Nxe4 22. Bxe4 Ra7 23. Rd3 Qg7 24. Qxg7+ Rxg7 25. Rde3 Rge7 26. Nf3 Kg7 27.
Ne5 Bb7 28. Bxb7 Rxb7 29. Rd1 Rd8 30. Red3 Ne2+ 31. Kf1 Rxd3 32. Rxd3 Nd4 33.
Nf3 Rd7 34. Nxd4 1/2-1/2

[Event "4NCL/Div4/OXF3 vs. HAL"]
[Site "West Bromwich ENG"]
[Date "2006.03.19"]
[Round "8.6"]
[White "Hendrickson, Jason"]
[Black "Henbest, Kevin B"]
[Result "0-1"]
[WhiteElo "1625"]
[BlackElo "1855"]
[PlyCount "110"]
[EventDate "2006.03.19"]
[EventType "team"]
[EventRounds "11"]
[EventCountry "ENG"]
[SourceDate "2005.10.25"]

1. d4 Nf6 2. g3 g6 3. Bg2 Bg7 4. Nf3 O-O 5. O-O d6 6. c4 Nbd7 7. Nc3 e5 8. d5
a5 9. a4 Nc5 10. Nd2 Bf5 11. f3 Bd7 12. Qc2 c6 13. e4 cxd5 14. cxd5 Qb6 15. Nc4
Qc7 16. Be3 Rfc8 17. Rfd1 Ne8 18. Bf1 Qd8 19. Rd2 Rab8 20. Na3 Nxa4 21. Qb3 Nc5
22. Bxc5 Rxc5 23. Na4 Bh6 24. Nxc5 Bxd2 25. Nxd7 Qxd7 26. Nc4 Bb4 27. Nxa5 Bc5+
28. Kg2 Ra8 29. Bb5 Qe7 30. Bxe8 Qxe8 31. Ra2 Qe7 32. Qc4 Qc7 33. b4 Bb6 34.
Rc2 Qxc4 35. Nxc4 Rc8 36. Na3 Rxc2+ 37. Nxc2 Kf8 38. b5 Ke7 39. Kf1 Bc5 40. Ke2
Kd7 41. Kd3 Kc7 42. Ne1 Kb6 43. Kc4 Bg1 44. h3 Bf2 45. Ng2 Bxg3 46. Ne3 h5 47.
Kb4 Be1+ 48. Ka4 Kc5 49. Nc2 Bd2 50. Na3 f5 51. b6 fxe4 52. fxe4 g5 53. Kb3 g4
54. hxg4 hxg4 55. Nc4 Bf4 0-1

[Event "4NCL/Div4/ATH2 vs. KTP"]
[Site "West Bromwich ENG"]
[Date "2006.03.19"]
[Round "8.2"]
[White "Harley Yeo, Gareth"]
[Black "McGovern, Derek P"]
[Result "1/2-1/2"]
[WhiteElo "1836"]
[BlackElo "1970"]
[PlyCount "55"]
[EventDate "2006.03.19"]
[EventType "team"]
[EventRounds "11"]
[EventCountry "ENG"]
[SourceDate "2005.10.25"]

1. d4 f5 2. Bg5 g6 3. Nd2 Bg7 4. e4 fxe4 5. Nxe4 d5 6. Nc5 b6 7. Nb3 Nf6 8. Nf3
Qd6 9. c3 Nbd7 10. Be2 O-O 11. O-O e5 12. dxe5 Nxe5 13. Nbd4 Bb7 14. Nxe5 Qxe5
15. Nf3 Qd6 16. Qb3 Ne4 17. Bh4 Kh8 18. Rad1 Rae8 19. Bd3 c5 20. Bxe4 Rxe4 21.
Bg3 Qe7 22. h4 Qe6 23. Ng5 Qg4 24. Nxe4 dxe4 25. c4 Bd4 26. Kh2 g5 27. Rxd4
cxd4 28. Qb4 1/2-1/2

[Event "4NCL/Div4/ATH2 vs. KTP"]
[Site "West Bromwich ENG"]
[Date "2006.03.19"]
[Round "8.3"]
[White "Aniecko, Colin"]
[Black "Healey, Michael"]
[Result "0-1"]
[WhiteElo "1855"]
[BlackElo "1900"]
[PlyCount "46"]
[EventDate "2006.03.19"]
[EventType "team"]
[EventRounds "11"]
[EventCountry "ENG"]
[SourceDate "2005.10.25"]

1. e4 e5 2. Nf3 Nc6 3. Nc3 Nf6 4. d4 exd4 5. Nxd4 Bb4 6. Bg5 Bxc3+ 7. bxc3 h6
8. Bxf6 Qxf6 9. Bc4 O-O 10. O-O Ne5 11. Bd3 Ng6 12. Qh5 d6 13. Ne2 Nf4 14. Nxf4
Qxf4 15. h3 g6 16. Qe2 Bd7 17. c4 Rae8 18. g3 Qe5 19. Kg2 Bc6 20. f4 Bxe4+ 21.
Kf2 Qd4+ 22. Qe3 Qxe3+ 23. Kxe3 Bg2+ 0-1

[Event "4NCL/Div4/ATH2 vs. KTP"]
[Site "West Bromwich ENG"]
[Date "2006.03.19"]
[Round "8.4"]
[White "Davies, Matthew"]
[Black "Wilson, David"]
[Result "1-0"]
[WhiteElo "1855"]
[BlackElo "1765"]
[PlyCount "109"]
[EventDate "2006.03.19"]
[EventType "team"]
[EventRounds "11"]
[EventCountry "ENG"]
[SourceDate "2005.10.25"]

1. d4 d5 2. c4 g6 3. Nc3 c6 4. Bf4 Bg7 5. e3 Nf6 6. h3 Bf5 7. Nf3 Nbd7 8. Be2
O-O 9. O-O Nb6 10. Ne5 Nbd7 11. f3 Nxe5 12. Bxe5 Ne8 13. Bxg7 Nxg7 14. e4 Be6
15. b3 Qd7 16. Qd2 Nh5 17. Rfc1 Rac8 18. Rc2 f5 19. Rac1 fxe4 20. fxe4 Nf4 21.
cxd5 cxd5 22. Bb5 Qd6 23. e5 Qb6 24. Bf1 Rf5 25. Qe3 Rf7 26. Na4 Qd8 27. Nc5
Qb6 28. Kh2 Bf5 29. Rf2 Ne6 30. g4 Be4 31. Rxf7 Kxf7 32. Nxe4 Rxc1 33. Qxc1
dxe4 34. Bc4 Qxd4 35. Qf4+ Ke8 36. Bxe6 Kd8 37. Qf8+ Kc7 38. Qxe7+ Kb6 39. Qd6+
Qxd6 40. exd6 Kc6 41. d7 Kc7 42. Kg3 h5 43. Kf4 hxg4 44. hxg4 b5 45. Kxe4 g5
46. Ke5 a5 47. Kf6 Kd8 48. a3 b4 49. axb4 axb4 50. Kf7 Kc7 51. Ke7 Kc6 52. d8=Q
Kc5 53. Qd6+ Kb5 54. Bc4+ Ka5 55. Qa6# 1-0

[Event "4NCL/Div4/ATH2 vs. KTP"]
[Site "West Bromwich ENG"]
[Date "2006.03.19"]
[Round "8.5"]
[White "Hussain, Adrian"]
[Black "Smith, Stuart"]
[Result "1-0"]
[WhiteElo "1735"]
[BlackElo "1805"]
[PlyCount "51"]
[EventDate "2006.03.19"]
[EventType "team"]
[EventRounds "11"]
[EventCountry "ENG"]
[SourceDate "2005.10.25"]

1. e4 e5 2. Nf3 Nc6 3. Bb5 a6 4. Ba4 Nf6 5. O-O Bd6 6. d3 h6 7. Nc3 O-O 8. Re1
Re8 9. Ne2 b5 10. Bb3 Na5 11. c3 c6 12. Bc2 Bc7 13. Ng3 d6 14. h3 Bb6 15. b4
Nb7 16. d4 Qc7 17. Nh4 a5 18. Nhf5 Bxf5 19. Nxf5 Kf8 20. Be3 axb4 21. cxb4 Ba7
22. Qd2 c5 23. Bxh6 Nh5 24. Bxg7+ Nxg7 25. Qh6 f6 26. Qh8+ 1-0

[Event "4NCL/Div4/ATH2 vs. KTP"]
[Site "West Bromwich ENG"]
[Date "2006.03.19"]
[Round "8.6"]
[White "Parry, Matthew"]
[Black "Foster, James M"]
[Result "0-1"]
[WhiteElo "1677"]
[BlackElo "1635"]
[PlyCount "48"]
[EventDate "2006.03.19"]
[EventType "team"]
[EventRounds "11"]
[EventCountry "ENG"]
[SourceDate "2005.10.25"]

1. d4 d5 2. Nf3 Nf6 3. e3 Bf5 4. Bd3 Bg6 5. O-O e6 6. Re1 Nbd7 7. Qe2 c5 8. c3
Bxd3 9. Qxd3 c4 10. Qc2 Ne4 11. Nfd2 f5 12. f3 Nxd2 13. Nxd2 Nf6 14. e4 fxe4
15. fxe4 Be7 16. exd5 exd5 17. Re5 O-O 18. Rg5 Qe8 19. Nf3 Rd8 20. Bf4 Ne4 21.
Rg4 h5 22. Rg5 Rxf4 23. Re5 Qg6 24. Rf1 Bf6 0-1

[Event "4NCL/Div4/GLOSG vs. PAP"]
[Site "West Bromwich ENG"]
[Date "2006.05.27"]
[Round "9.1"]
[White "White, Michael J R"]
[Black "Summerscale, Aaron"]
[Result "1/2-1/2"]
[WhiteElo "2175"]
[BlackElo "2432"]
[PlyCount "40"]
[EventDate "2006.05.27"]
[EventType "team"]
[EventRounds "11"]
[EventCountry "ENG"]
[SourceDate "2006.04.29"]
[WhiteTeam "Glos Gambits"]
[BlackTeam "Pride+Prejudice"]

1. e4 Nf6 2. e5 Nd5 3. d4 d6 4. c4 Nb6 5. exd6 cxd6 6. Nc3 g6 7. Be3 Bg7 8. Rc1
O-O 9. b3 e5 10. dxe5 dxe5 11. c5 N6d7 12. Bc4 Qa5 13. Nge2 Nc6 14. O-O Nxc5
15. b4 Nxb4 16. Nd5 Nba6 17. Nec3 Be6 18. Qf3 Kh8 19. Rb1 Rac8 20. Rfd1 e4
1/2-1/2

[Event "4NCL/Div4/GLOSG vs. PAP"]
[Site "West Bromwich ENG"]
[Date "2006.05.27"]
[Round "9.3"]
[White "Hosken, Nigel"]
[Black "Lang, Heather"]
[Result "1/2-1/2"]
[WhiteElo "2105"]
[BlackElo "2040"]
[PlyCount "76"]
[EventDate "2006.05.27"]
[EventType "team"]
[EventRounds "11"]
[EventCountry "ENG"]
[SourceDate "2006.04.29"]
[WhiteTeam "Glos Gambits"]
[BlackTeam "Pride+Prejudice"]

1. d4 f5 2. Nf3 Nf6 3. g3 g6 4. Bg2 Bg7 5. O-O O-O 6. b4 d6 7. Bb2 c6 8. c4 e5
9. dxe5 Ng4 10. Qb3 Nxe5 11. c5+ Kh8 12. Rd1 Nxf3+ 13. Bxf3 d5 14. Bxg7+ Kxg7
15. Nd2 Qf6 16. Rab1 f4 17. Qb2 Bf5 18. Qxf6+ Rxf6 19. Rb2 fxg3 20. hxg3 Nd7
21. Nb3 Ne5 22. Nd4 Raf8 23. b5 R8f7 24. Rb4 Be4 25. Ra4 Bxf3 26. Nxf3 Nxf3+
27. exf3 Rxf3 28. Rd2 Rc3 29. bxc6 bxc6 30. Ra5 Kf6 31. Re2 Rd7 32. Kg2 d4 33.
Rd2 d3 34. Kf3 Rc2 35. Ke3 Rxd2 36. Kxd2 Ke5 37. Ra6 Kd4 38. Rxc6 Re7 1/2-1/2

[Event "4NCL/Div4/GLOSG vs. PAP"]
[Site "West Bromwich ENG"]
[Date "2006.05.27"]
[Round "9.4"]
[White "Forbes, Cathy"]
[Black "Buchanan, David"]
[Result "1-0"]
[WhiteElo "2075"]
[BlackElo "2095"]
[PlyCount "101"]
[EventDate "2006.05.27"]
[EventType "team"]
[EventRounds "11"]
[EventCountry "ENG"]
[SourceDate "2006.04.29"]
[WhiteTeam "Pride+Prejudice"]
[BlackTeam "Glos Gambits"]

1. d4 d5 2. Bf4 Nf6 3. e3 e6 4. Bd3 c5 5. c3 Nc6 6. Na3 a6 7. Nf3 Bd6 8. Bg3
Bxg3 9. hxg3 c4 10. Bb1 b5 11. Ne5 Qc7 12. f4 Bb7 13. Qf3 O-O-O 14. O-O Ne4 15.
Nxc6 Bxc6 16. Bxe4 dxe4 17. Qe2 Bd5 18. b3 Kd7 19. Rfc1 Rc8 20. Qc2 Qa5 21. Qb2
Rc6 22. Nb1 Rhc8 23. Nd2 f5 24. b4 Qd8 25. a4 Ra8 26. Qa2 Rcc8 27. Qc2 g5 28.
Ra2 gxf4 29. gxf4 Qg8 30. Rca1 Bc6 31. axb5 axb5 32. Ra5 Rxa5 33. Rxa5 Ra8 34.
Qa2 Rxa5 35. Qxa5 Qa8 36. Qxa8 Bxa8 37. Kh2 Ke7 38. Kg3 Kf6 39. Kh4 Kg6 40. Nf1
Bc6 41. g4 Bd7 42. Ng3 Be8 43. d5 exd5 44. Nxf5 Kf6 45. Nd4 h6 46. Nf5 h5 47.
Nd6 Bd7 48. gxh5 Bc6 49. f5 Kg7 50. Kg5 d4 51. f6+ 1-0

[Event "4NCL/Div4/GLOSG vs. PAP"]
[Site "West Bromwich ENG"]
[Date "2006.05.27"]
[Round "9.5"]
[White "Dodwell, Phil"]
[Black "Kieran, Rosalind A"]
[Result "0-1"]
[WhiteElo "2060"]
[BlackElo "2015"]
[PlyCount "72"]
[EventDate "2006.05.27"]
[EventType "team"]
[EventRounds "11"]
[EventCountry "ENG"]
[SourceDate "2006.04.29"]
[WhiteTeam "Glos Gambits"]
[BlackTeam "Pride+Prejudice"]

1. e4 c5 2. Nf3 d6 3. Bb5+ Bd7 4. Bxd7+ Qxd7 5. O-O Nc6 6. c3 e6 7. d4 cxd4 8.
cxd4 d5 9. e5 Nge7 10. Nc3 Nf5 11. g4 Nfe7 12. Be3 h5 13. Nb5 Ng6 14. g5 Ncxe5
15. dxe5 Qxb5 16. Nd4 Qd7 17. f4 Bc5 18. Rc1 Bb6 19. Qe2 Ne7 20. f5 Bxd4 21.
Bxd4 Nxf5 22. Rxf5 exf5 23. g6 Rh6 24. gxf7+ Kxf7 25. Rf1 Rg6+ 26. Kh1 Rg4 27.
Qd2 Rc8 28. h3 Rh4 29. Qf2 Rxh3+ 30. Kg2 f4 31. Qxf4+ Kg8 32. Qf5 Qxf5 33. Rxf5
Rh4 34. Bc3 Rg4+ 35. Kf3 Rf8 36. Rxf8+ Kxf8 0-1

[Event "4NCL/Div4/GLOSG vs. PAP"]
[Site "West Bromwich ENG"]
[Date "2006.05.27"]
[Round "9.6"]
[White "Summerscale, Claire E"]
[Black "Taylor, Geoffrey P"]
[Result "1/2-1/2"]
[WhiteElo "1990"]
[BlackElo "2050"]
[PlyCount "148"]
[EventDate "2006.05.27"]
[EventType "team"]
[EventRounds "11"]
[EventCountry "ENG"]
[SourceDate "2006.04.29"]
[WhiteTeam "Pride+Prejudice"]
[BlackTeam "Glos Gambits"]

1. d4 d5 2. Nc3 Bf5 3. Nf3 e6 4. Bf4 c6 5. e3 Bd6 6. Bxd6 Qxd6 7. a3 Nf6 8. Bd3
Nbd7 9. Qe2 Bg4 10. h3 Bh5 11. g4 Bg6 12. Bxg6 hxg6 13. g5 Nh5 14. h4 O-O-O 15.
O-O-O Rhe8 16. Kb1 e5 17. dxe5 Nxe5 18. Nxe5 Rxe5 19. Qg4+ Kb8 20. Rd4 Rf5 21.
Qg2 Re8 22. e4 Qe5 23. Rxd5 cxd5 24. exf5 d4 25. Nd5 gxf5 26. Qf3 Qe4 27. Rh3
g6 28. Nb4 Qe1+ 29. Ka2 a5 30. Nd3 Qd2 31. Qd5 Qxc2 32. Qd6+ Qc7 33. Qxd4 Rd8
34. Qe5 Rd6 35. Qe8+ Ka7 36. Qe3+ Ka8 37. Qe8+ Rd8 38. Qb5 f6 39. gxf6 Nxf6 40.
Re3 Rc8 41. Re5 Qc4+ 42. Qxc4 Rxc4 43. Rxa5+ Kb8 44. Ne5 Rxh4 45. Nxg6 Rg4 46.
Ne7 f4 47. Rf5 Nd7 48. Nd5 Rg2 49. Rxf4 b6 50. Kb3 Kb7 51. Rf7 Kc6 52. Ne3 Nc5+
53. Kc2 Rh2 54. Kd2 Kb5 55. Rf4 Kc6 56. b4 Nb7 57. a4 Nd6 58. Ng4 Rh1 59. f3
Ra1 60. b5+ Kd5 61. Kc3 Rc1+ 62. Kb2 Re1 63. Rf8 Nc4+ 64. Kc3 Rc1+ 65. Kb3 Rb1+
66. Kc2 Ra1 67. f4 Rxa4 68. Kb3 Ra3+ 69. Kb4 Rf3 70. Nf6+ Ke6 71. Re8+ Kxf6 72.
Kxc4 Rxf4+ 73. Kd5 Kf7 74. Rc8 Rf5+ 1/2-1/2

[Event "4NCL/Div4/GUI4 vs. NOTT1"]
[Site "West Bromwich ENG"]
[Date "2006.05.27"]
[Round "9.1"]
[White "Richardson, Keith B"]
[Black "Barnes, Michael H"]
[Result "1-0"]
[WhiteElo "2240"]
[BlackElo "2200"]
[PlyCount "105"]
[EventDate "2006.05.27"]
[EventType "team"]
[EventRounds "11"]
[EventCountry "ENG"]
[SourceDate "2006.04.29"]
[WhiteTeam "Guildford-ADC 4"]
[BlackTeam "Notts 1"]

1. c4 g6 2. Nc3 Bg7 3. g3 e5 4. Bg2 Nc6 5. e4 d6 6. Nge2 Be6 7. d3 Qd7 8. Nd5
Nd8 9. h3 c6 10. Ne3 f5 11. exf5 gxf5 12. d4 Nf6 13. b3 O-O 14. Bb2 Nh5 15.
dxe5 dxe5 16. Qxd7 Bxd7 17. O-O-O Be6 18. f4 e4 19. Bxg7 Kxg7 20. g4 fxg4 21.
f5 gxh3 22. fxe6 hxg2 23. Rxh5 Nxe6 24. Rh2 Rad8 25. Rxg2+ Kf6 26. Rf2+ Kg7 27.
Rg1+ Kh8 28. Rxf8+ Rxf8 29. Rf1 Rd8 30. Ng4 Kg7 31. Ng3 Nc5 32. Ne5 Re8 33.
Nf5+ Kg8 34. Ng4 Rd8 35. Nf6+ Kf7 36. Nxe4 Nxe4 37. Nd6+ Kg6 38. Nxe4 h5 39.
Rf6+ Kg7 40. Rd6 Rh8 41. Rd7+ Kg6 42. Rxb7 h4 43. Re7 h3 44. Nf2 h2 45. Kd2 a5
46. Nh1 a4 47. bxa4 Rd8+ 48. Ke2 Ra8 49. Kd3 Rd8+ 50. Kc2 Rd4 51. Re6+ Kf5 52.
Rxc6 Rg4 53. Rh6 1-0

[Event "4NCL/Div4/GUI4 vs. NOTT1"]
[Site "West Bromwich ENG"]
[Date "2006.05.27"]
[Round "9.2"]
[White "Richmond, Robert J"]
[Black "Abayasekera, Roger"]
[Result "1-0"]
[WhiteElo "2190"]
[BlackElo "2185"]
[PlyCount "91"]
[EventDate "2006.05.27"]
[EventType "team"]
[EventRounds "11"]
[EventCountry "ENG"]
[SourceDate "2006.04.29"]
[WhiteTeam "Notts 1"]
[BlackTeam "Guildford-ADC 4"]

1. d4 Nf6 2. c4 e6 3. Nc3 Bb4 4. Qc2 O-O 5. Bg5 c5 6. e3 cxd4 7. exd4 Qa5 8.
Bxf6 Bxc3+ 9. bxc3 gxf6 10. Bd3 Qh5 11. c5 Rd8 12. Ne2 d6 13. cxd6 Rxd6 14. Rb1
Nd7 15. Rb5 Qh6 16. g4 Rd5 17. Rxd5 exd5 18. Qd2 Qxd2+ 19. Kxd2 Nb6 20. Nf4 Kh8
21. h3 Bd7 22. Re1 Re8 23. Rxe8+ Bxe8 24. Nh5 h6 25. Nxf6 Bc6 26. Nh5 Kg8 27.
Ng3 Bd7 28. Ke3 Be6 29. Bf5 Kf8 30. Bxe6 fxe6 31. f4 Nc4+ 32. Kd3 Kf7 33. f5
Nd6 34. fxe6+ Kxe6 35. Nh5 Nf7 36. h4 Ke7 37. Ke3 b5 38. Kf4 Nd6 39. Ng3 Kf6
40. g5+ hxg5+ 41. hxg5+ Ke6 42. g6 Nc4 43. Kg5 Ne3 44. g7 Kf7 45. Nf5 Nd1 46.
Kh6 1-0

[Event "4NCL/Div4/GUI4 vs. NOTT1"]
[Site "West Bromwich ENG"]
[Date "2006.05.27"]
[Round "9.3"]
[White "Allinson, Julian"]
[Black "Mercs, Peter J"]
[Result "1/2-1/2"]
[WhiteElo "2205"]
[BlackElo "2110"]
[PlyCount "67"]
[EventDate "2006.05.27"]
[EventType "team"]
[EventRounds "11"]
[EventCountry "ENG"]
[SourceDate "2006.04.29"]
[WhiteTeam "Guildford-ADC 4"]
[BlackTeam "Notts 1"]

1. d4 Nf6 2. Nf3 e6 3. g3 c5 4. Bg2 cxd4 5. O-O Be7 6. Nxd4 O-O 7. c4 d6 8. Nc3
a6 9. b3 Qc7 10. Bd2 Nc6 11. e3 Rb8 12. Rc1 Nxd4 13. exd4 b6 14. Qe2 Bb7 15. d5
e5 16. f4 exf4 17. Rxf4 Rbe8 18. Be3 Nd7 19. Qf2 Nc5 20. Bf1 a5 21. Re1 Qd8 22.
Bd4 Bc8 23. Rf3 Bg5 24. Be3 Bf6 25. Bf4 Bg4 26. Rxe8 Rxe8 27. Re3 Bxc3 28. Rxc3
Ne4 29. Qe1 Nxc3 30. Qxc3 Re4 31. Bd3 Re8 32. Bf1 Re4 33. Bd3 Re8 34. Bf1
1/2-1/2